| 000 | 01171aam a2200445a 44500 | ||
|---|---|---|---|
| 008 | 930106s1979 cat | ||
| 017 | _aB-43475-1979 | ||
| 020 | _a8472830241 | ||
| 041 | _acat | ||
| 080 | _a628.92(036) | ||
| 100 |
_aMarquet i Ferigle, L. _961154 |
||
| 245 | _aVocabulari de luminotècnia | ||
| 245 | _cLluís Marquet i Ferigle | ||
| 260 | _aBarcelona | ||
| 260 | _bInstitut d'Estudis Catalans | ||
| 260 | _c1979 | ||
| 300 |
_a[38]p. _c25 cm. |
||
| 490 |
_aArxius de la Secció de Ciències; _v58 |
||
| 520 | _a223 | ||
| 546 | _acatalà | ||
| 591 | _a172 | ||
| 592 | _aObra terminològica | ||
| 593 | _aBS | ||
| 593 | _aGK | ||
| 593 | _aGQB | ||
| 593 | _aHSI | ||
| 594 | _a172 | ||
| 650 |
_aaparellatge elèctric _964059 |
||
| 650 |
_aenergia elèctrica _963042 |
||
| 650 |
_ail·luminació _964058 |
||
| 650 |
_allum _964088 |
||
| 650 |
_aòptica _961820 |
||
| 830 |
_aArxius de la Secció de Ciències; _v58 _964067 |
||
| 856 | _uhttps://cit.iec.cat/obresx.asp?obra=VOCLUM | ||
| 901 | _c<1979> | ||
| 902 | _a930106 | ||
| 942 |
_cMO _n0 _2ddc |
||
| 999 |
_c53547 _d53547 |
||